| 000 | 00798nam a2200253Ia 4500 | ||
|---|---|---|---|
| 003 | OSt | ||
| 005 | 20221007122520.0 | ||
| 006 | a|||||r|||| 00| 0 | ||
| 007 | ta | ||
| 008 | 221006b |||||||| |||| 00| 0 eng d | ||
| 020 | _a9781420082586 (pbk) | ||
| 024 | _a112801 | ||
| 037 |
_b1015, 18/06/2010, Ashutosh Technical Books _cTextbook |
||
| 040 |
_aPAPL _cPAPL _beng |
||
| 041 |
_2eng _aeng |
||
| 082 | _aC, P9 Carpa | ||
| 100 |
_aSadoff Ahren _9714492 |
||
| 245 | 0 | _aQuestioning the universe:concepts in physics | |
| 260 |
_aBoca _bRaton CRC Press _c2009 |
||
| 300 |
_axvi, 207p. _ccm. |
||
| 500 | _aReferences 202-203p.; Index 204-207p. | ||
| 942 |
_hC, P9 Carpa _cTB _2CC |
||
| 999 |
_c1210489 _d1210489 |
||